Management estimating and budgeting for electrical installations / (Record no. 14988)

MARC details
000 -LEADER
fixed length control field 00739nam a2200229Ia 4500
008 - FIXED-LENGTH DATA ELEMENTS--GENERAL INFORMATION
fixed length control field 210303s9999 xx 000 0 und d
020 ## - INTERNATIONAL STANDARD BOOK NUMBER
ISBN 9780280352
040 ## - CATALOGING SOURCE
Original cataloging agency NLN
Language of cataloging English
Description conventions AACR2
100 ## - MAIN ENTRY--AUTHOR
Author OFOREH, Emmanuel C.
Relator term aut
245 #0 - TITLE STATEMENT
Title Management estimating and budgeting for electrical installations /
Statement of responsibility, etc Emmanuel C. Oforeh
260 ## - PUBLICATION, DISTRIBUTION, ETC. (IMPRINT)
Place of publication Lagos State :
Name of publisher Consiness Nigeria,
Date of publication 1998
300 ## - COLLATION
Pagination xi, 312p. :
Other physical details ill, ; 24cm.
440 ## - SERIES STATEMENT/ADDED ENTRY--TITLE
Series Title Construction cost and management book series
500 ## - GENERAL NOTE
General note Bibliography: p. 69
563 ## - BINDING INFORMATION
Binding note (pbk)
650 ## - TRACINGS
Main Subject Budget in business
650 ## - TRACINGS
Main Subject Electric engineering contreacts
942 ## - ADDED ENTRY ELEMENTS (KOHA)
Item type Books
Suppress in OPAC No
050 ## - LIBRARY OF CONGRESS CALL NUMBER
Classification number TK411
Item number .O33
082 ## - DEWEY DECIMAL CLASSIFICATION NUMBER
Classification number 621.3072037
Holdings
Source of classification or shelving scheme Not for loan Home library Current library Date acquired Accession No. Full call number Barcode. Koha item type
Library of Congress Classification   IBADAN BRANCH LIBRARY National Library of Nigeria 04/03/2021 2025-456903 TK411 .O33 2025-456903 Books
Library of Congress Classification   National Library of Nigeria National Library of Nigeria 12/07/2025 2025-456902 TK411 .O33 2025-456902 Books

National Library of Nigeria OPAC is powered by Koha